00793nam a22002291 45000010005000000030008000050050017000130080039000300350018000690400031000870410008001180820020001261000030001462450038001762500012002142600043002263000058002695000128003275000035004555040054004906500019005449118BD-RjUL20211208234723.0140120r19631932nyua b 001 0 eng a(BD-RjUL)9163 aDLC/ICUcICUbengdBD-RjUL aeng00a532.5bLAH 19631 aLamb, Horace,d1849-1934.10aHydrodynamics /cSir Horace Lamb  a6th ed. aNew York :bDover publications,c1963. a2 p.l., [vii]-xv, 738 p. :billus., diagrs. ;c24 cm. a"Regarded as the sixth edition of a Treatise on the mathematical theory of the motion of fluids, published in 1879."--Pref. a"First American edition 1945." a"List of authors cited": p. [731]-733. and index. 0aHydrodynamics.